<?xml version="1.0" encoding="UTF-8"?>
<record
    xmlns:xsi="http://www.w3.org/2001/XMLSchema-instance"
    xsi:schemaLocation="http://www.loc.gov/MARC21/slim http://www.loc.gov/standards/marcxml/schema/MARC21slim.xsd"
    xmlns="http://www.loc.gov/MARC21/slim">

  <leader>02741cam a22003375a 4500</leader>
  <controlfield tag="001">17577492</controlfield>
  <controlfield tag="005">20160215132531.0</controlfield>
  <controlfield tag="008">130102t2014    nyua   frbd   001 0 eng d</controlfield>
  <datafield tag="020" ind1=" " ind2=" ">
    <subfield code="a">9780071772891 (hardback : acidfree paper)</subfield>
  </datafield>
  <datafield tag="020" ind1=" " ind2=" ">
    <subfield code="a">0071772898 (hardback : acidfree paper)</subfield>
  </datafield>
  <datafield tag="040" ind1=" " ind2=" ">
    <subfield code="a">DLC</subfield>
    <subfield code="b">eng</subfield>
    <subfield code="c">DLC</subfield>
    <subfield code="d">DLC</subfield>
    <subfield code="d">EG-ScBUE</subfield>
    <subfield code="d">EG-ScBUE</subfield>
  </datafield>
  <datafield tag="082" ind1="0" ind2="4">
    <subfield code="a">628.16833</subfield>
    <subfield code="b">TES</subfield>
    <subfield code="2">22</subfield>
  </datafield>
  <datafield tag="100" ind1="1" ind2=" ">
    <subfield code="a">Testa, Stephen M.</subfield>
    <subfield code="9">37900</subfield>
  </datafield>
  <datafield tag="245" ind1="1" ind2="0">
    <subfield code="a">Oil spills and gas leaks :</subfield>
    <subfield code="b">environmental response, prevention, and cost recovery /</subfield>
    <subfield code="c">Stephen M. Testa, James A. Jacobs.</subfield>
  </datafield>
  <datafield tag="246" ind1="3" ind2="4">
    <subfield code="a">Oil spills &amp; gas leaks</subfield>
  </datafield>
  <datafield tag="260" ind1=" " ind2=" ">
    <subfield code="a">New York :</subfield>
    <subfield code="b">McGraw Hill Education,</subfield>
    <subfield code="c">c.2014.</subfield>
  </datafield>
  <datafield tag="300" ind1=" " ind2=" ">
    <subfield code="a">xiii, 578 p.:</subfield>
    <subfield code="b">ill. ;</subfield>
    <subfield code="c">24 cm.</subfield>
  </datafield>
  <datafield tag="500" ind1=" " ind2=" ">
    <subfield code="a">Includes appendixes.</subfield>
  </datafield>
  <datafield tag="500" ind1=" " ind2=" ">
    <subfield code="a">Includes glossary.</subfield>
  </datafield>
  <datafield tag="500" ind1=" " ind2=" ">
    <subfield code="a">Index : p. 559-578.</subfield>
  </datafield>
  <datafield tag="504" ind1=" " ind2=" ">
    <subfield code="a">Includes bibliographical references.</subfield>
  </datafield>
  <datafield tag="520" ind1=" " ind2=" ">
    <subfield code="a">"The definitive guide to petroleum hydrocarbon fuel spill and leak causes, prevention, response, and cost recovery Oil Spills and Gas Leaks highlights the complex nature of petroleum hydrocarbon fuel extraction methods, the unintended consequences when disasters occur, spill behavior, and environmental impact mitigation. This practical resource discusses engineering techniques; long-term biological and environmental effects; dealing with insurance claims, litigation, and legislation in overlapping jurisdictions; and much more. Featuring global case studies and best practices, this timely volume provides an in-depth understanding of how oil spills and gas leaks occur and describes the most effective environmental assessment, remediation, and restoration options available to respond to these industrial accidents. Coverage includes:  The role of petroleum hydrocarbon fuels in society Geology and geochemistry of oil and gas deposits Oil and gas well drilling and production issues Hydraulic fracturing for shale gas and oil Behavior of oil spills in various environments Behavior of gas leaks in various environments Assessment of spills and leaks Toxicity issues and exposure pathways  Subsurface investigations Sampling strategies and remedial approaches Sampling methods on land and offshore  Prevention, oversight, and mitigation  Remediation of oil spills Case histories and cost recovery  Oil spills and wildlife Oil spills and safety issues Conclusions and recommendations "--</subfield>
  </datafield>
  <datafield tag="650" ind1=" " ind2="7">
    <subfield code="a">Oil spills</subfield>
    <subfield code="x">Environmental aspects.</subfield>
    <subfield code="2">BUEsh</subfield>
    <subfield code="9">37901</subfield>
  </datafield>
  <datafield tag="650" ind1=" " ind2="7">
    <subfield code="a">Oil spills</subfield>
    <subfield code="x">Cleanup.</subfield>
    <subfield code="2">BUEsh</subfield>
    <subfield code="9">37902</subfield>
  </datafield>
  <datafield tag="650" ind1=" " ind2="7">
    <subfield code="a">Oil spills</subfield>
    <subfield code="x">Prevention.</subfield>
    <subfield code="2">BUEsh</subfield>
    <subfield code="9">37903</subfield>
  </datafield>
  <datafield tag="650" ind1=" " ind2="7">
    <subfield code="a">Liability for oil pollution damages.</subfield>
    <subfield code="2">BUEsh</subfield>
    <subfield code="9">37904</subfield>
  </datafield>
  <datafield tag="651" ind1=" " ind2=" ">
    <subfield code="2">BUEsh</subfield>
  </datafield>
  <datafield tag="653" ind1=" " ind2=" ">
    <subfield code="b">ENGPET</subfield>
    <subfield code="c">May2015</subfield>
    <subfield code="c">February2016</subfield>
  </datafield>
  <datafield tag="700" ind1="1" ind2=" ">
    <subfield code="a">Jacobs, James A.</subfield>
    <subfield code="q">(James Alan),</subfield>
    <subfield code="d">1956-</subfield>
    <subfield code="9">37905</subfield>
  </datafield>
  <datafield tag="942" ind1=" " ind2=" ">
    <subfield code="2">ddc</subfield>
  </datafield>
  <datafield tag="999" ind1=" " ind2=" ">
    <subfield code="c">19332</subfield>
    <subfield code="d">19304</subfield>
  </datafield>
  <datafield tag="952" ind1=" " ind2=" ">
    <subfield code="0">0</subfield>
    <subfield code="1">0</subfield>
    <subfield code="2">ddc</subfield>
    <subfield code="4">0</subfield>
    <subfield code="7">0</subfield>
    <subfield code="8">Alahram</subfield>
    <subfield code="a">MAIN</subfield>
    <subfield code="b">MAIN</subfield>
    <subfield code="c">1ST</subfield>
    <subfield code="d">2015-05-10</subfield>
    <subfield code="e">Purchase</subfield>
    <subfield code="g">750.00</subfield>
    <subfield code="h">322</subfield>
    <subfield code="l">1</subfield>
    <subfield code="m">3</subfield>
    <subfield code="o">628.16833 TES</subfield>
    <subfield code="p">000038204</subfield>
    <subfield code="r">2025-07-15 00:00:00</subfield>
    <subfield code="s">2017-12-05</subfield>
    <subfield code="v">937.50</subfield>
    <subfield code="y">BB</subfield>
  </datafield>
  <datafield tag="952" ind1=" " ind2=" ">
    <subfield code="0">0</subfield>
    <subfield code="1">0</subfield>
    <subfield code="2">ddc</subfield>
    <subfield code="4">0</subfield>
    <subfield code="7">0</subfield>
    <subfield code="8">Baccah</subfield>
    <subfield code="a">MAIN</subfield>
    <subfield code="b">MAIN</subfield>
    <subfield code="c">1ST</subfield>
    <subfield code="d">2015-08-19</subfield>
    <subfield code="e">Purchase</subfield>
    <subfield code="g">800.00</subfield>
    <subfield code="h">21761</subfield>
    <subfield code="l">0</subfield>
    <subfield code="o">628.16833 TES</subfield>
    <subfield code="p">000039769</subfield>
    <subfield code="r">2025-07-15 00:00:00</subfield>
    <subfield code="v">1000.00</subfield>
    <subfield code="y">BB</subfield>
  </datafield>
</record>
